000
00319nam a2200109Ia 4500
008
171211s9999 xx 000 0 und d
245
_a
Game Design Theory: A New Philosophy for Understanding Games
245
_c
Keith Burgun
260
_c
2012
650
_x
GAMES
856
_u
http://down.ebook777.com/058/1466554207.pdf
999
_c
348875
_d
348875